书目信息 |
| 题名: |
工学硕士入学考试数学复习指南 第二版
|
|
| 作者: | 季文铎 主编 | |
| 分册: | ||
| 出版信息: | 北京 北京理工大学出版社 1997.06 |
|
| 页数: | 331页 | |
| 开本: | 16开 | |
| 丛书名: | ||
| 单 册: | ||
| 中图分类: | O13-44 | |
| 科图分类: | ||
| 主题词: | 高等数学 | |
| 电子资源: | ||
| ISBN: | 7-81045-272-X | |
| 000 | 00613nam0 2200193 45 | |
| 001 | 0009061831 | |
| 005 | 20000906184811.1 | |
| 010 | @a7-81045-272-X@d26.00元 | |
| 100 | @a20000906d1997 km y0chiy0120 ea | |
| 101 | 0 | @achi |
| 105 | @a z 000yy | |
| 200 | 1 | @a工学硕士入学考试数学复习指南 第二版@AGong Xue Shuo Shi Ru Xue Kao Shi Shu Xue Fu Xi Zhi Nan Di Er Ban@f季文铎主编@FJi Wen Duo Zhu Bian |
| 210 | @a北京@c北京理工大学出版社@d1997.06 | |
| 215 | @a331页@d16开 | |
| 606 | 0 | @a高等数学 |
| 690 | @aO13-44@v3 | |
| 701 | 0 | @a季文铎@4主编 |
| 801 | @aCN@bPftUser@c20000906 | |
| 905 | @b123301-305@dO13-44@eJ203=2@f5 | |
| 工学硕士入学考试数学复习指南 第二版/季文铎主编.-北京:北京理工大学出版社,1997.06 |
| 331页;16开 |
| ISBN 7-81045-272-X:26.00元 |
| ● |
| 相关链接 |
|
|
|
正题名:工学硕士入学考试数学复习指南第二版
索取号:O13-44/J203=2
 
预约/预借
| 序号 | 登录号 | 条形码 | 馆藏地/架位号 | 状态 | 备注 |
| 1 | 123301 | 201233012 | 自科库401/401自科库 39排2列2层/ [索取号:O13-44/J203=2] | 在馆 | |
| 2 | 123302 | 201233021 | 自科库401/401自科库 39排2列2层/ [索取号:O13-44/J203=2] | 在馆 | |
| 3 | 123303 | 201233030 | 自科库401/401自科库 39排2列2层/ [索取号:O13-44/J203=2] | 在馆 | |
| 4 | 123304 | 201233049 | 自科库401/401自科库 39排2列2层/ [索取号:O13-44/J203=2] | 在馆 | |
| 5 | 123305 | 201233058 | 自科库401/401自科库 39排2列2层/ [索取号:O13-44/J203=2] | 在馆 |